| 000 | 00711nam a22002417a 4500 | ||
|---|---|---|---|
| 999 |
_c4037 _d4037 |
||
| 001 | 19320 | ||
| 003 | BD-DhUAP | ||
| 005 | 20200316164330.0 | ||
| 008 | 200316s2009 nyu||||| |||| 001 0 eng d | ||
| 020 | _a9780192806871 | ||
| 040 |
_aBD-DhUAP _bEng _cBD-DhUAP _dBD-DhUAP |
||
| 082 |
_223 _a820.9 OXF |
||
| 245 |
_aThe Oxford companion to English literature / _cEdited by Dinah Birch. |
||
| 250 | _a7th ed. | ||
| 260 |
_aNew York : _bOxford University Press, _c2009. |
||
| 300 |
_axiv, 1164 pages ; _c25 cm. |
||
| 500 | _aIncludes index. | ||
| 650 | _aEnglish literature. | ||
| 650 |
_aEnglish _zspeaking countries. |
||
| 650 |
_aAmerican literature _vhistory. |
||
| 700 | _aBirch, Dinah. | ||
| 942 |
_2ddc _cBK |
||